TEX in practice

Αποθηκεύτηκε σε:
Λεπτομέρειες βιβλιογραφικής εγγραφής
Κύριος συγγραφέας: Bechtolsheim, Stephan von
Μορφή: Βιβλίο
Γλώσσα:English
Δημοσίευση: New York : Springer, c1993
Σειρά:Monographs in visual communication
Θέματα:
Ετικέτες: Προσθήκη ετικέτας
Δεν υπάρχουν, Καταχωρήστε ετικέτα πρώτοι!

MARC

LEADER 00000nam a2200000 i 4500
001 1/16917
008 010122s1993 eng d
020 |a 0-387-97296-X (New York) 
020 |a 3-540-97296-X (Berlin) 
035 |l 10065948 
040 |a GR-MY-UA  |b gre  |e aacr 
041 0 |a eng 
082 0 |a 686.22544 
100 1 |a Bechtolsheim, Stephan von. 
245 1 0 |a TEX in practice /  |c Stephan von Bechtolsheim 
260 |a New York :   |b Springer,   |c c1993 
300 |a 4 v.;  |c 25 cm. 
490 1 |a Monographs in visual communication 
500 |a On t.p. E is subscript 
504 |a Includes bibliographical references and index 
505 0 |a v.I: Basics. - v.II: Paragraphs, math and fonts. - v.III: Tokens, macros. - v.IV: Output routines, tables 
630 0 0 |a TeX (Computer file) 
650 0 0 |a Computerized typesetting. 
650 0 0 |a Mathematics printing. 
830 0 |a Monographs in visual communication 
852 |a INST  |b SYROS  |e 20010122  |h 686.22544 BEC  |p 005500001420  |q 005500001420  |t BK  |y 0  |z v.2 
852 |a INST  |b SYROS  |e 20010122  |h 686.22544 BEC  |p 005500001669  |q 005500001669  |t BK  |y 0  |z v.3 
852 |a INST  |b SYROS  |e 20010122  |h 686.22544 BEC  |p 005500001675  |q 005500001675  |t BK  |y 0  |z v.1 
852 |a INST  |b SYROS  |e 20010208  |h 686.22544 BEC  |p 005500001676  |q 005500001676  |t BK  |y 0  |z v.4 
852 |a INST  |b SYROS  |e 20010122  |h 686.22544 BEC  |p 005500001420  |q 005500001420  |t BK  |v v.2:  |y 0  |z v.2 
852 |a INST  |b SYROS  |e 20010122  |h 686.22544 BEC  |p 005500001669  |q 005500001669  |t BK  |v v.3:  |y 0  |z v.3 
852 |a INST  |b SYROS  |e 20010122  |h 686.22544 BEC  |p 005500001675  |q 005500001675  |t BK  |v v.1:  |y 0  |z v.1 
852 |a INST  |b SYROS  |e 20010208  |h 686.22544 BEC  |p 005500001676  |q 005500001676  |t BK  |v v.4:  |y 0  |z v.4 
853 |a INST  |b SYROS  |h 686.22544 BEC 
901 |a BIBL5-2001-1 
909 |a Ε  |b 084494 
909 |a Ε  |b 084523 
909 |a Ε  |b 084492 
909 |a Ε  |b 084493 
922 |a 5ΕΛΗ  |b 200012  |c ΓΡΑΦΙΚΩΝ ΤΕΧΝΩΝ  |d ΜΙΧΑΛΟΠΟΥΛΟΣ 
950 |a 183-2000-12-09 
970 |a ΚΟΝΤΟΥ  |b ΠΑΡΑΣΚΕΥΗ  |z 2001/02/16